000 00666nam a2200229Ia 4500
005 20250508162932.0
008 008 250505s9999 xx 000 0 eng d
020 _a0-8039-3364-9
037 _aTextual
040 _aFEDL
_beng
_cFEDL
041 _aeng
_2eng
084 _a001.42, FIN
_qFEDL
100 _aFine Gary Alan
245 0 _aKnowing children participant observation with minors
260 _aNewbury Park, London
_bSage Publications
_c1988
300 _a88p.
365 _aUSD
_b18.95
546 _aAcc. No.082903 is MACESE book
700 _a Sandstrom Kent L
_9774448
942 _cTEXL
_h001.42, FIN
999 _c1379521
_d1379521